000 00410nam a22001577a 4500
999 _c531430
_d531430
003 NUST
005 20191016105342.0
008 191016b ||||| |||| 00| 0 eng d
038 _aMSOHAIL
082 _a0
100 _aHakeem Mehmood Ahmed Zafar
_924111
245 _aTareekh e Pakistan pasmanzar o paish manzar
260 _aLahore
_bKitab Sarai
_c2010
300 _a720,p;
_c26cm
_eH.B.
942 _2ddc
_cBK